000 00431nam a2200181Ia 4500
001 25
005 20240113233351.0
007 ta
008 041014s1974 a g b000 u u
082 _a581.172
100 _aFrobishel, M. .
245 0 _aFundamental of Microbiology /
_hTextual Documents
260 _aJapan :
_bJapan co ltd ,
_c1974.
300 _a850p. :
_bill ;
653 _aBotany
942 _2ddc
_cBK
999 _c25
_d25